| 000 | 00633nam a22001457a 4500 | ||
|---|---|---|---|
| 020 | _a978-93-5023-181-1 | ||
| 082 |
_a823 _bVER/J |
||
| 100 | _aVERNE, JULES | ||
| 245 | _aA JOURNEY TO THE CENTRE OF THE EARTH | ||
| 260 |
_aEBNGALORE _bVASAN PUBLICATIONS _c2011 |
||
| 300 | _a180 | ||
| 520 | _aOriginally published in French in 1864, Journey to the Center of the Earth tells the story of Professor Lidenbrock, his nephew, and a hired guide who, following the instructions of a medieval alchemist claiming to have found a passage to the center of the earth, travel deep into an Icelandic volcano. | ||
| 650 | _aSHORT STORY | ||
| 942 | _cBK | ||
| 999 |
_c6506 _d6506 |
||